Tri prvovýstupy, aj svetový úspešná expedícia Karakoram 2005

Bibliographic Details
Format: Article
Language:Slovak
ISSN:0139-7001
Subjects:

MARC

LEADER 00000nab a2200000 ar4500
001 vtls008297615
003 SK-MaSNL
005 20260303094741.0
008 050914c20050909xo dr|p|||||||000 b|slo
015 |a SNBRB2005/09  |2 snkbucl 
038 |a SNKBUCL 
040 |a SNKBUCL  |b slo  |c SNKBUCL  |e AACR2 
041 0 |a slo 
044 |a xo  |c SK 
080 |a 796.524  |x (549.1)  |2 UDC-MRF-SK2 
080 |a 910.4  |2 UDC-MRF-SK2 
245 0 0 |a Tri prvovýstupy, aj svetový  |b úspešná expedícia Karakoram 2005 
648 7 |a 2005  |2 snkbucl  |9 305506 
650 0 7 |a horolezectvo  |2 snkbucl  |9 1050 
650 0 7 |a slovenské expedície  |2 snkbucl  |9 1057045 
651 7 |a Karakoram (pohorie)  |2 snkbucl  |9 123815 
773 0 |t Šport  |g Roč. 59, č. 209 (9.9.2005), s. 35  |x 0139-7001 
852 |a SNK  |b KIS3GCP 
999 |c 1822358  |d 1824288